000 00680nam a2200229 a 4500
001 000019187
005 20200929165939.0
008 100527s1982 mx 000 f spa d
020 _a9682311950
040 _aDO-SdBNP
_bspa
_cBNPHU
082 _a843.8
_bS213e
100 1 _aSand, George,
_941296
245 1 0 _aElla y él /
_cGeorge Sand ; traducción de Luis Cánovas.
260 _aMéxico :
_bSiglo XXI,
_c1982.
300 _a183 p. ;
_c18 cm.
490 1 _aDe la gran literatura
650 4 _aNovela francesa
_91075
650 4 _aLiteratura francesa
_ySIGLO XIX
_95031
700 1 _aCánovas, Luis,
_etr.
_941297
830 0 _aDe la gran literatura
_929430
049 _aBNGR
999 _c18705
_d18705